Age of Empires II (2013) - alle Völker - Statistiken

Allgemein
  • Dieses Quiz wurde 66 mal gespielt
  • Das Durchschnittsergebnis liegt bei 20 aus 31
Antwortstatistiken
Antwort % Korrekt
Briten
90%
Azteken
82%
Chinesen
80%
Japaner
78%
Franken
76%
Gothen
76%
Mongolen
76%
Spanier
76%
Türken
76%
Perser
75%
Wikinger
73%
Inka
69%
Maya
69%
Teutonen
69%
Byzantiner
67%
Inder
67%
Koreaner
67%
Portugiesen
67%
Italiener
61%
Hunnen
59%
Kelten
57%
Sarazenen
55%
Vietnamesen
55%
Äthiopier
51%
Ungarn
51%
Slawen
45%
Malier
43%
Khmer
39%
Malaien
39%
Berber
37%
Birmanen
31%
Keine übereinstimmenden Quizze gefunden
Verteilung der Resultate
Anzahl Personen mit jedem Resultat
Perzentil nach korrekt beantworteten Fragen
Ihre Resultats-Entwicklung
Sie haben dieses Quiz noch nicht gespielt